| Tag |
First Indicator |
Second Indicator |
Subfields |
| LEADER |
00000pam a2200000 a 4500 |
| 001 |
in00000077789 |
| 005 |
20151008053842.0 |
| 008 |
800926s1981 ja a b 00100 engm |
| 010 |
|
|
|a 79091519
|
| 020 |
|
|
|a 087011414X :
|c $17.75
|
| 035 |
|
|
|a (OCoLC)06862331
|
| 035 |
|
|
|9 AAH8854AM
|
| 040 |
|
|
|a DLC
|c DLC
|d m.c.
|d TXA
|d UtOrBLW
|
| 041 |
1 |
|
|a eng
|a jpn
|
| 043 |
|
|
|a a-ja---
|
| 049 |
|
|
|a TXAM
|c [387072]
|
| 050 |
0 |
0 |
|a NA7451
|b .S55813 1981
|
| 082 |
0 |
|
|a 728.8/0952
|2 19
|
| 240 |
1 |
0 |
|a Shoin-zukuri.
|l English
|
| 245 |
0 |
0 |
|a Architecture in the shoin style :
|b Japanese feudal residences /
|c [edited by] Fumio Hashimoto ; translated and adapted by H. Mack Horton.
|
| 250 |
|
|
|a 1st ed.
|
| 264 |
|
1 |
|a Tokyo ;
|a New York, N.Y. :
|b Kodansha International ;
|c 1981.
|
| 264 |
|
2 |
|a New York :
|b Distributed in the United States through Harper & Row,
|
| 300 |
|
|
|a 248 pages :
|b illustrations (some color) ;
|c 27 cm.
|
| 336 |
|
|
|a text
|b txt
|2 rdacontent
|
| 337 |
|
|
|a unmediated
|b n
|2 rdamedia
|
| 338 |
|
|
|a volume
|b nc
|2 rdacarrier
|
| 490 |
1 |
|
|a Japanese arts library ;
|v 10
|
| 500 |
|
|
|a Translation of: Shoin-zukuri, originally issued as number 75 of Nihon no bijutsu.
|
| 500 |
|
|
|a Includes index.
|
| 504 |
|
|
|a Bibliography: pages 238-243.
|
| 650 |
|
0 |
|a Architecture, Shoin.
|
| 650 |
|
0 |
|a Architecture
|z Japan
|x History
|y Kamakura-Momoyama periods, 1185-1600.
|
| 650 |
|
0 |
|a Architecture
|z Japan
|x History
|y Edo period, 1600-1868.
|
| 700 |
1 |
|
|a Hashimoto, Fumio,
|d 1917-
|
| 700 |
1 |
|
|a Horton, H. Mack.
|
| 730 |
0 |
|
|a Nihon no bijutsu.
|
| 830 |
|
0 |
|a Japanese arts library ;
|v 10.
|
| 999 |
|
|
|a MARS
|
| 999 |
f |
f |
|s 08bad3f0-cb7b-3e3e-b3f2-e408ab1a41d4
|i 34f8e9c0-5d72-38e9-b9c7-14a5f92285b6
|t 0
|
| 952 |
f |
f |
|p normal
|a Texas A&M University
|b College Station
|c Sterling C. Evans Library
|d Evans: Library Stacks
|t 0
|e NA7451 .S55813 1981
|h Library of Congress classification
|i unmediated -- volume
|m A14806168730
|
| 998 |
f |
f |
|a NA7451 .S55813 1981
|t 0
|l Evans: Library Stacks
|